000 00381nam a22001577a 4500
003 NUST
005 20260209121626.0
008 260209b ||||| |||| 00| 0 eng d
082 _a910.285
100 _aESRI
_9133124
245 _aEditing in ArcMap: GIS by ESRI /
_cESRI.
260 _aUSA:
_bEsri Press,
_c2002.
300 _a462 p ;
563 _aPaperback
942 _2ddc
_cBK
999 _c616145
_d616145